Assessment of the Stability of Condensed Solid Substance Ignition by a Hot Particle; MATEC Web of Conferences; Vol. 23 : Heat and Mass Transfer in the Thermal Control System of Technical and Technological Energy Equipment

Detaylı Bibliyografya
Parent link:MATEC Web of Conferences
Vol. 23 : Heat and Mass Transfer in the Thermal Control System of Technical and Technological Energy Equipment.— 2015.— [01049, 6 p.]
Yazar: Glushkov D. O. Dmitry Olegovich
Kurumsal yazarlar: Национальный исследовательский Томский политехнический университет (ТПУ) Энергетический институт (ЭНИН) Кафедра автоматизации теплоэнергетических процессов (АТП), Национальный исследовательский Томский политехнический университет (ТПУ) Энергетический институт (ЭНИН) Лаборатория моделирования процессов тепломассопереноса (ЛМПТ)
Diğer Yazarlar: Nyashina G. S. Galina Sergeevna, Vershinina K. Yu. Kseniya Yurievna
Özet:Title screen
The paper presents a numerical simulation of composite fuel ignition by a disc-shaped hot metal particle. The study establishes the temperature and the source size limits, which are necessary and sufficient for condensed substance ignition. A diagram with coordinates "a heat flow the amplitude - ignition delay time" has been presented. The diagram shows the area of the sustainable initiate combustion of composite solid fuel at local heating by the source with limited energy capacity.
Dil:İngilizce
Baskı/Yayın Bilgisi: 2015
Konular:
Online Erişim:http://dx.doi.org/10.1051/matecconf/20152301049
http://earchive.tpu.ru/handle/11683/15570
Materyal Türü: Elektronik Kitap Bölümü
KOHA link:https://koha.lib.tpu.ru/cgi-bin/koha/opac-detail.pl?biblionumber=645253

MARC

LEADER 00000nla2a2200000 4500
001 645253
005 20240212111637.0
035 |a (RuTPU)RU\TPU\network\10337 
035 |a RU\TPU\network\10336 
090 |a 645253 
100 |a 20151214a2015 k y0engy50 ba 
101 0 |a eng 
105 |a y z 100zy 
135 |a drcn ---uucaa 
181 0 |a i  
182 0 |a b 
200 1 |a Assessment of the Stability of Condensed Solid Substance Ignition by a Hot Particle  |f D. O. Glushkov, G. S. Nyashina, K. Yu. Vershinina 
203 |a Text  |c electronic 
300 |a Title screen 
320 |a [References: 9 tit.] 
330 |a The paper presents a numerical simulation of composite fuel ignition by a disc-shaped hot metal particle. The study establishes the temperature and the source size limits, which are necessary and sufficient for condensed substance ignition. A diagram with coordinates "a heat flow the amplitude - ignition delay time" has been presented. The diagram shows the area of the sustainable initiate combustion of composite solid fuel at local heating by the source with limited energy capacity. 
461 0 |0 (RuTPU)RU\TPU\network\4526  |t MATEC Web of Conferences 
463 0 |0 (RuTPU)RU\TPU\network\9794  |t Vol. 23 : Heat and Mass Transfer in the Thermal Control System of Technical and Technological Energy Equipment  |o April 22-23, 2015, Tomsk, Russia  |o [proceedings]  |f National Research Tomsk Polytechnic University (TPU) ; ed. G. V. Kuznetsov [et al.]  |v [01049, 6 p.]  |d 2015 
610 1 |a электронный ресурс 
610 1 |a труды учёных ТПУ 
610 1 |a устойчивость 
610 1 |a конденсированные вещества 
610 1 |a твердые вещества 
610 1 |a зажигание 
610 1 |a горячие частицы 
700 1 |a Glushkov  |b D. O.  |c specialist in the field of power engineering  |c Professor, Director of the ISHFVP of the Tomsk Polytechnic University, Doctor of Technical Sciences  |f 1988-  |g Dmitry Olegovich  |3 (RuTPU)RU\TPU\pers\32471  |9 16419 
701 1 |a Nyashina  |b G. S.  |c specialist in the field of heat and power engineering  |c Assistant to Tomsk Polytechnic University, Candidate of Technical Sciences  |f 1992-  |g Galina Sergeevna  |3 (RuTPU)RU\TPU\pers\35843  |9 18988 
701 1 |a Vershinina  |b K. Yu.  |c specialist in the field of heat and power engineering  |c Associate Professor of Tomsk Polytechnic University, Candidate of Physical and Mathematical Sciences  |f 1992-  |g Kseniya Yurievna  |3 (RuTPU)RU\TPU\pers\33706  |9 17337 
712 0 2 |a Национальный исследовательский Томский политехнический университет (ТПУ)  |b Энергетический институт (ЭНИН)  |b Кафедра автоматизации теплоэнергетических процессов (АТП)  |3 (RuTPU)RU\TPU\col\18678 
712 0 2 |a Национальный исследовательский Томский политехнический университет (ТПУ)  |b Энергетический институт (ЭНИН)  |b Лаборатория моделирования процессов тепломассопереноса (ЛМПТ)  |3 (RuTPU)RU\TPU\col\19906 
801 2 |a RU  |b 63413507  |c 20161122  |g RCR 
856 4 |u http://dx.doi.org/10.1051/matecconf/20152301049 
856 4 |u http://earchive.tpu.ru/handle/11683/15570 
942 |c CF